000
00264nam a22001217a 4500
008
170831b xxu||||| |||| 00| 0 eng d
041
_a
eng
080
_a
070
100
_a
40
101
_a
MED
245
_a
NETWORDS A FINAL LOOK
_c
BONIFIELD,W.C
942
_2
udc
_c
BK
999
_c
25746
_d
25746